The Sims 4 Quiz - Statistics

General Stats
  • This quiz has been taken 1,798 times
    1,792 since last reset
  • The average score is 13 of 21
Answer Stats
Question Answer % Correct
What is the main focus of the game pack, The Sims 4: Outdoor Retreat? Camping
91%
In which world does the Goth family live? Willow Creek
82%
The Sims 4: Get to Work introduced which new life state? Alien
80%
Which of these sims is a vampire in The Sims 4: Vampires? Lilith Vatore
78%
What is the name of the world included in The Sims 4: Outdoor Retreat? Granite Falls
77%
How much money does a 1-person household begin with in The Sims 4? §20,000
74%
Which emotion is represented by the colour purple? Focused
74%
Which of these families does not live in Oasis Springs? Feng
72%
What was the first expansion pack to be released for The Sims 4? The Sims 4: Get To Work
68%
What is the name of the Princess mentioned many times in Build Mode objects' descriptions? Princess Cordelia
60%
Which of these sims is not in the BFF household? Zoe Patel
58%
Which of these features are not included in The Sims4: Discover University? Classes that you can attend with your sim
57%
Wolfgang Munch is a sim which comes in what expansion pack? The Sims 4: Get Together
50%
Which of these stuff packs was voted on by The Sims 4 community? The Sims 4: Laundry Day Stuff
46%
Which family from The Sims 3 has an apartment block in City Living named after them? Alto Family
44%
What is the name of the hidden lot found in Willow Creek? Sylvan Glade
44%
What is the first name of Thorne Bailey and Octavia Moon's son in The Sims 4: Get Famous? Orange
43%
Which of these features was made available to console players of The Sims 4 in January of 2020? The Gallery
43%
Which of the following is not a life state added in the Base Game or any of the packs? Werewolf
41%
In which pack were Walk-in Wardrobes introduced? The Sims 4: Get Together
37%
Which sim in The Sims 4: Get Together is Siobhan Fyres in a relationship with when the game is first loaded? Sergio Romeo
33%
No matching quizzes found
Score Distribution
Percent of People with Each Score
Percentile by Number Answered
Your Score History
You have not taken this quiz since the last reset